Social media analytics : (Record no. 47370)

MARC details
000 -LEADER
fixed length control field 00614nam a2200205Ia 4500
005 - DATE AND TIME OF LATEST TRANSACTION
control field 20260122095413.0
008 - FIXED-LENGTH DATA ELEMENTS--GENERAL INFORMATION
fixed length control field 260121s9999||||xx |||||||||||||| ||und||
020 ## - INTERNATIONAL STANDARD BOOK NUMBER
International Standard Book Number 9789332578463
082 ## - DEWEY DECIMAL CLASSIFICATION NUMBER
Classification number 658.872
Item number GAN
100 ## - MAIN ENTRY--PERSONAL NAME
Personal name Ganis, Matthew
245 #0 - TITLE STATEMENT
Title Social media analytics :
Remainder of title techiques and insights for extracting business value out of social media /
250 ## - EDITION STATEMENT
Edition statement 1st ed.
260 ## - PUBLICATION, DISTRIBUTION, ETC. (IMPRINT)
Place of publication, distribution, etc Noida :
Name of publisher, distributor, etc Pearson,
Date of publication, distribution, etc 2017.
300 ## - PHYSICAL DESCRIPTION
Extent xxxi, 268p.; pbk
650 ## - SUBJECT ADDED ENTRY--TOPICAL TERM
Topical term or geographic name as entry element Business intelligence
650 ## - SUBJECT ADDED ENTRY--TOPICAL TERM
Topical term or geographic name as entry element Marketing analytics
650 ## - SUBJECT ADDED ENTRY--TOPICAL TERM
Topical term or geographic name as entry element Social media—Data analysis
700 ## - ADDED ENTRY--PERSONAL NAME
Personal name Kohirkar, Avinash
942 ## - ADDED ENTRY ELEMENTS (KOHA)
Koha item type Text Books
Holdings
Date last seen Total Checkouts Full call number Barcode Price effective from Koha item type Lost status Damaged status Not for loan Collection code Withdrawn status Home library Current library Shelving location Date acquired Source of acquisition
22/01/2026   658.872 GAN 53013 22/01/2026 Text Books       Non-fiction   CUTN Central Library CUTN Central Library Medicine, Technology & Management 22/01/2026 T. R. Publications, Chennai - Invoice No. - TRPHO/2024/CRB/369 on 06-03-2025